000 01178nam a2200313Ia 4500
001 ebr10573963
003 CaPaEBR
006 m u
007 cr cn|||||||||
008 091215s2011 nyu sb 001 0 eng d
010 _z 2009052580
020 _z9781438432113
020 _z9781438432137
020 _z1438432119
040 _aCaPaEBR
_cCaPaEBR
035 _a(OCoLC)794699035
050 1 4 _aBL1243.32
_b.S53 2011eb
100 1 _aSharma, Arvind.
245 1 0 _aHinduism as a missionary religion
_h[electronic resource] /
_cArvind Sharma.
260 _aAlbany :
_bState University of New York Press,
_cc2011.
300 _avii, 195 p.
504 _aIncludes bibliographical references and indexes.
533 _aElectronic reproduction.
_bPalo Alto, Calif. :
_cebrary,
_d2011.
_nAvailable via World Wide Web.
_nAccess may be limited to ebrary affiliated libraries.
650 0 _aHinduism
_xMissions
_xHistoriography.
650 0 _aHinduism
_xInfluence.
655 7 _aElectronic books.
_2local
710 2 _aebrary, Inc.
856 4 0 _uhttp://site.ebrary.com/lib/rucke/Doc?id=10573963
_zAn electronic book accessible through the World Wide Web; click to view
999 _c78659
_d78659